<?xml version="1.0" encoding="UTF-8"?>
<collection xmlns="http://www.loc.gov/MARC21/slim">
 <record>
  <leader>01328cam a22003132  4500</leader>
  <controlfield tag="001">274907119</controlfield>
  <controlfield tag="003">DE-627</controlfield>
  <controlfield tag="005">20211126074737.0</controlfield>
  <controlfield tag="007">tu</controlfield>
  <controlfield tag="008">990101s1984    xx |||||      00| ||ita c</controlfield>
  <datafield tag="035" ind1=" " ind2=" ">
   <subfield code="a">(DE-627)274907119</subfield>
  </datafield>
  <datafield tag="035" ind1=" " ind2=" ">
   <subfield code="a">(DE-576)9274907117</subfield>
  </datafield>
  <datafield tag="035" ind1=" " ind2=" ">
   <subfield code="a">(DE-599)GBV274907119</subfield>
  </datafield>
  <datafield tag="035" ind1=" " ind2=" ">
   <subfield code="a">(OCoLC)246920682</subfield>
  </datafield>
  <datafield tag="040" ind1=" " ind2=" ">
   <subfield code="a">DE-627</subfield>
   <subfield code="b">ger</subfield>
   <subfield code="c">DE-627</subfield>
   <subfield code="e">rakwb</subfield>
  </datafield>
  <datafield tag="041" ind1=" " ind2=" ">
   <subfield code="a">ita</subfield>
  </datafield>
  <datafield tag="100" ind1="1" ind2=" ">
   <subfield code="a">Moscati, Paola</subfield>
   <subfield code="4">aut</subfield>
  </datafield>
  <datafield tag="245" ind1="1" ind2="0">
   <subfield code="a">Ricerche matematico-statistiche sugli specchi etruschi</subfield>
   <subfield code="c">Paola Moscati</subfield>
  </datafield>
  <datafield tag="264" ind1=" " ind2="1">
   <subfield code="a">Roma</subfield>
   <subfield code="b">Accad. Nazionale dei Lincei</subfield>
   <subfield code="c">1984</subfield>
  </datafield>
  <datafield tag="300" ind1=" " ind2=" ">
   <subfield code="a">267 S</subfield>
   <subfield code="b">Ill</subfield>
  </datafield>
  <datafield tag="336" ind1=" " ind2=" ">
   <subfield code="a">Text</subfield>
   <subfield code="b">txt</subfield>
   <subfield code="2">rdacontent</subfield>
  </datafield>
  <datafield tag="337" ind1=" " ind2=" ">
   <subfield code="a">ohne Hilfsmittel zu benutzen</subfield>
   <subfield code="b">n</subfield>
   <subfield code="2">rdamedia</subfield>
  </datafield>
  <datafield tag="338" ind1=" " ind2=" ">
   <subfield code="a">Band</subfield>
   <subfield code="b">nc</subfield>
   <subfield code="2">rdacarrier</subfield>
  </datafield>
  <datafield tag="490" ind1="1" ind2=" ">
   <subfield code="a">Contributi del Centro Linceo Interdisciplinare di Scienze Matematiche e Loro Applicazioni</subfield>
   <subfield code="v">66</subfield>
  </datafield>
  <datafield tag="787" ind1="0" ind2="8">
   <subfield code="i">Rezensiert in</subfield>
   <subfield code="a">Meles, Brigitte, 1939 - </subfield>
   <subfield code="t">Etruskische Spiegel und quantitative kunstgeschichtliche Methodik</subfield>
   <subfield code="d">1984</subfield>
   <subfield code="w">(DE-627)1470073552</subfield>
   <subfield code="w">(DE-576)400073552</subfield>
  </datafield>
  <datafield tag="810" ind1="2" ind2=" ">
   <subfield code="a">Centro Linceo Interdisciplinare di Scienze Matematiche e Loro Applicazioni</subfield>
   <subfield code="t">Contributi del Centro Linceo Interdisciplinare di Scienze Matematiche e Lore Applicazioni</subfield>
   <subfield code="v">66</subfield>
   <subfield code="9">6600</subfield>
   <subfield code="w">(DE-627)169313913</subfield>
   <subfield code="w">(DE-576)01091272X</subfield>
   <subfield code="w">(DE-600)967129-8</subfield>
  </datafield>
  <datafield tag="951" ind1=" " ind2=" ">
   <subfield code="a">BO</subfield>
  </datafield>
  <datafield tag="991" ind1=" " ind2=" ">
   <subfield code="a">Rezensiertes Werk</subfield>
  </datafield>
  <datafield tag="999" ind1=" " ind2=" ">
   <subfield code="a">KXP-PPN274907119</subfield>
   <subfield code="e">4002798747</subfield>
  </datafield>
 </record>
</collection>
